000 00569cam a2200229 4500
008 090401t1987 xxu||||| |||| 00| 0 eng d
020 _a0947763244
035 _a(Sirsi) u60069
041 _aeng
050 _a333.332
100 _aHolland, B.P.
245 _aInsurance valuations
260 _aReading
_bCollege of Estate Management
_c1987
300 _a42p. ; 25cm.
350 _a7
490 _aProperty Valuation Handbook
_vB6
650 _aCALUS
650 _aINSURANCE ASSESSMENTS
650 _aValuation
_96273
942 _n0
948 _c04/03/1997
999 _c94193
_d94193